[Event "Mallorca-ch U18"]
[Site "Algaida"]
[Date "2020.02.23"]
[Round "3.6"]
[White "Bokhenek, Christian"]
[Black "Dominguez Martinez, Nicolas"]
[Result "0-1"]
[WhiteElo "1271"]
[BlackElo "1550"]
[PlyCount "48"]
[EventDate "2020.02.09"]
[EventType "swiss"]
[EventRounds "6"]
[EventCountry "ESP"]
[SourceTitle "EXT 2024"]
[Source "ChessBase"]
[SourceDate "2023.10.10"]
[SourceVersion "1"]
[SourceVersionDate "2023.10.10"]
[SourceQuality "1"]

1. e4 c5 2. Nf3 g6 3. Nc3 Bg7 4. Bc4 Nf6 5. 0-0 0-0 6. Re1 Nc6 7. d4 cxd4 8. Nxd4 d6 9. Nxc6 bxc6 10. Bg5 h6 11. Bxf6 Bxf6 12. Qf3 Rb8 13. b3 Qa5 14. Re3 c5 15. a4 Bd4 16. Rd3 Be6 17. Bd5 Bxd5 18. exd5 Kg7 19. Re1 e6 20. Red1 e5 21. Ne4 f5 22. Nxd6 e4 23. Nxe4 fxe4 24. Qxe4 Rbe8 0-1

[Event "Calvia Amateur op 16th"]
[Site "Calvia"]
[Date "2019.10.13"]
[Round "9"]
[White "Bokhenek, Christian"]
[Black "Jarebo, Carl Gustaf"]
[Result "1/2-1/2"]
[WhiteElo "1243"]
[BlackElo "1502"]
[PlyCount "31"]
[EventDate "2019.10.05"]
[EventType "swiss"]
[EventRounds "9"]
[EventCountry "ESP"]
[SourceTitle "CBM 192 Extra"]
[Source "Chessbase"]
[SourceDate "2019.11.06"]
[SourceVersion "1"]
[SourceVersionDate "2019.11.06"]
[SourceQuality "1"]

1. e4 c5 2. Nf3 g6 3. Bc4 Bg7 4. Ng5 e6 5. d3 Ne7 6. Nc3 0-0 7. 0-0 Nbc6 8. Be3 b6 9. Rb1 Na5 10. Nb5 d6 11. b4 cxb4 12. Rxb4 Nec6 13. Ra4 a6 14. Na3 b5 15. Nxb5 axb5 16. Bxb5 1/2-1/2